Capitali Asiatiche Casuali su una Mappa - Statistics

Statistiche generali
  • Questo quiz è stato fatto 2.121 volte
  • Il punteggio medio è 9 su 12
Risposte nella Mappa
Le risposte nella mappa del quiz sottostante sono codificate secondo una scala di colori dal rosso al verde in base alla % di persone che hanno risposto correttamente.
 
Statistiche sulle risposte
Capitale % Corretto
Pechino
98%
Ankara
96%
Nuova Delhi
96%
Seul
96%
Tokyo
95%
Pyongyang
88%
Abu Dhabi
86%
Gerusalemme
86%
Teheran
86%
Manila
85%
Nicosia
85%
Riyād
84%
Giacarta
82%
Kabul
82%
Ulan Bator
82%
Beirut
81%
Islamabad
81%
Baghdad
80%
Singapore
80%
Bangkok
79%
Baku
78%
Hanoi
78%
Doha
77%
Taipei
76%
Damasco
75%
Kathmandu
75%
Tbilisi
75%
Kuwait
73%
Astana
72%
Dacca
72%
Amman
68%
Kuala Lumpur
67%
Malé
66%
Erevan
64%
Sana'a
64%
Phnom Penh
55%
Sri Jayawardenepura Kotte
55%
Tashkent
52%
Thimphu
52%
Mascate
51%
Vientiane
51%
Bishkek
49%
Ashgabat
48%
Dili
48%
Manama
46%
Dušanbe
45%
Naypyidaw
45%
Bandar Seri Begawan
44%
Nessun quiz corrispondente trovato
Distribuzione punteggi
Percentuale di utenti per punteggio
Percentile per numero di risposta
I tuoi punteggi nel tempo
Non hai fatto questo quiz